[Event "20th Open"]
[Site "Cappelle la Grande FRA"]
[Date "2004.02.28"]
[Round "1"]
[White "Piacentini,C"]
[Black "Seel,C"]
[Result "0-1"]
[WhiteElo "2138"]
[BlackElo "2380"]
[EventDate "2004.02.28"]

1. e4 e5 2. Nf3 d6 3. d4 exd4 4. Nxd4 Nf6 5. Nc3 Be7 6. Bd3 O-O 7. O-O Nc6
8. Nxc6 bxc6 9. f4 Nd7 10. Be3 Bf6 11. Qd2 Bb7 12. Rae1 Re8 13. Nd1 c5 14.
Nf2 g6 15. c3 Bg7 16. Qc2 Nf6 17. Bc1 Qd7 18. Re2 Re7 19. Rfe1 Rae8 20. h3
Qc6 21. b3 d5 22. e5 Nh5 23. Kh2 Bh6 24. g3 f5 25. c4 d4 26. Nh1 Nf6 27. a3
a5 28. Bd2 Qf3 29. Rf2 Qh5 30. Be2 Ng4+ 31. Bxg4 fxg4 32. h4 Bf3 33. Qd3
Rf8 34. b4 axb4 35. axb4 Bxf4 36. Rxf3 gxf3 37. Bxf4 Rxf4 38. Nf2 Rxh4+ 39.
Kg1 Rh2 40. Qe4 Rg2+ 41. Kf1 Rxf2+ 42. Kxf2 Qh2+ 43. Kxf3 Rf7+ 0-1

[Event "20th Open"]
[Site "Cappelle la Grande FRA"]
[Date "2004.02.29"]
[Round "2"]
[White "Areshchenko,A"]
[Black "Pham Minh Hoang"]
[Result "1/2-1/2"]
[WhiteElo "2564"]
[BlackElo "2436"]
[EventDate "2004.02.28"]

1. e4 c5 2. Nf3 e6 3. d4 cxd4 4. Nxd4 Nf6 5. Nc3 Nc6 6. Be2 Bb4 7. O-O O-O
8. Nxc6 bxc6 9. e5 Nd5 10. Ne4 f5 11. Nd6 Bxd6 12. exd6 Qb6 13. Bf3 Ba6 14.
Re1 Nf6 15. b3 Rac8 16. Re5 c5 17. Be3 Ne8 18. Bg5 Nf6 19. c4 Bb7 20. Bxb7
Qxb7 21. f3 h6 22. Be3 Qb6 23. Qd2 Rc6 24. Rxc5 Rxd6 25. Qe2 Qd8 26. b4 a6
27. Bf4 e5 28. Rxe5 Qb6+ 29. Qf2 Qxb4 30. Rxf5 Re6 31. Rc1 Rfe8 32. h3 Re1+
33. Rxe1 Rxe1+ 34. Kh2 Qb1 35. Qc5 Rh1+ 36. Kg3 Qe1+ 37. Qf2 Qe8 38. Qc5
Qe1+ 39. Qf2 Qe8 40. Qc5 d5 41. Re5 1/2-1/2

[Event "20th Open"]
[Site "Cappelle la Grande FRA"]
[Date "2004.02.29"]
[Round "2"]
[White "Huguenin,O"]
[Black "Seret,JL"]
[Result "0-1"]
[WhiteElo "2162"]
[BlackElo "2315"]
[EventDate "2004.02.28"]

1. e3 g6 2. d3 Bg7 3. c3 b6 4. f3 Bb7 5. Nd2 Nf6 6. Ne4 e5 7. Nf2 d5 8. g3
O-O 9. Bg2 c5 10. Ne2 Nc6 11. O-O Qc7 12. Qc2 Rad8 13. b3 Rfe8 14. a3 a5
15. Bd2 Ba6 16. Rfe1 Qd7 17. Rad1 Na7 18. Bc1 Qc7 19. Bf1 Nc8 20. Kg2 Bb7
21. Ng1 Nd6 22. Kh1 h5 23. Bg2 e4 24. dxe4 dxe4 25. f4 a4 26. c4 axb3 27.
Qxb3 Bc6 28. Ne2 Nb7 29. Bf1 Rd3 30. Qc2 Ng4 31. Ng1 Rc3 32. Qe2 Rxc1 33.
Rxc1 Nxe3 34. Qxe3 Bd4 35. Qe2 Bxf2 36. Red1 Bd4 37. Bh3 Nd6 38. Kg2 Ra8
39. Qa2 e3+ 40. Kf1 Ne4 41. Rd3 h4 0-1

[Event "20th Open"]
[Site "Cappelle la Grande FRA"]
[Date "2004.02.29"]
[Round "2"]
[White "Georgiev,Ki"]
[Black "Svetushkin,D"]
[Result "1/2-1/2"]
[WhiteElo "2637"]
[BlackElo "2553"]
[EventDate "2004.02.28"]

1. d4 d5 2. c4 c6 3. Nf3 Nf6 4. Nc3 a6 5. cxd5 cxd5 6. Bf4 Nc6 7. Rc1 e6 8.
e3 Be7 9. Bd3 Bd7 10. O-O Nh5 11. Be5 f6 12. Bg3 Nxg3 13. hxg3 f5 14. a3 h5
15. Na4 g5 16. Nc5 g4 17. Nxd7 Qxd7 18. Ne5 Nxe5 19. dxe5 h4 20. gxh4 Bxh4
21. Re1 Bd8 22. Kf1 Bc7 23. Qb3 Bxe5 24. Ke2 Rc8 25. Rxc8+ Qxc8 26. Kd2 Qd7
27. Kc1 Rh2 28. Bf1 Kf7 29. Kb1 Rh1 30. Rc1 Rh8 31. Bd3 Rc8 32. Rxc8 Qxc8
33. Qb6 Qd7 34. f3 gxf3 35. gxf3 Bf6 36. Ka2 Bd8 37. Qd4 Bf6 38. Qb6 Bd8
39. Qd4 Qd6 1/2-1/2

[Event "20th Open"]
[Site "Cappelle la Grande FRA"]
[Date "2004.02.29"]
[Round "2"]
[White "Midoux,S"]
[Black "Uhoda,P"]
[Result "1-0"]
[WhiteElo "2315"]
[BlackElo "2157"]
[EventDate "2004.02.28"]

1. e4 c5 2. Nf3 Nc6 3. Nc3 d6 4. d4 cxd4 5. Nxd4 Nf6 6. f3 Nxd4 7. Qxd4 g6
8. Bb5+ Bd7 9. Bxd7+ Qxd7 10. O-O Bg7 11. Qf2 O-O 12. a4 Rfc8 13. Be3 a6
14. a5 Rc4 15. Rfd1 Qc6 16. Rd2 Rc8 17. g4 Nxg4 18. fxg4 Bxc3 19. bxc3 Qxe4
20. h3 Rxc3 21. Re1 Rxc2 22. Bh6 Rc1 23. Rde2 Rxe1+ 24. Rxe1 Qd3 25. Rxe7
f5 26. Rg7+ Kh8 27. Rd7 Qd1+ 28. Kh2 Qd5 29. Qb2+ Qe5+ 30. Qxe5+ dxe5 31.
gxf5 gxf5 32. Bg7+ Kg8 33. Bxe5 Rc5 34. Rg7+ Kf8 35. Bd6+ Kxg7 36. Bxc5 Kf6
37. Kg3 Kg5 38. Kf3 1-0

[Event "20th Open"]
[Site "Cappelle la Grande FRA"]
[Date "2004.02.29"]
[Round "2"]
[White "Cyborowski,L"]
[Black "Socko,M"]
[Result "1-0"]
[WhiteElo "2562"]
[BlackElo "2415"]
[EventDate "2004.02.28"]

1. Nf3 Nf6 2. c4 g6 3. Nc3 Bg7 4. g3 d6 5. Bg2 O-O 6. O-O Nc6 7. d3 e5 8.
Rb1 a5 9. a3 Be6 10. b4 axb4 11. axb4 Qc8 12. b5 Ne7 13. Bg5 Rd8 14. Qc2 h6
15. Bxf6 Bxf6 16. Nd2 Bg7 17. Nd5 Bxd5 18. cxd5 Qd7 19. Rfc1 Rdc8 20. Nc4
b6 21. e4 h5 22. h4 Bh6 23. Rf1 Ra7 24. Qc3 Rca8 25. d4 exd4 26. Qxd4 Bg7
27. Qd3 Kh7 28. Rfe1 Ra2 29. Re2 Rxe2 30. Qxe2 Bd4 31. Kh2 Ng8 32. e5 Re8
33. Bh3 Qd8 34. e6 fxe6 35. Bxe6 Nh6 36. Kg2 Qf6 37. Nd2 Kh8 38. Ne4 Qe5
39. Rc1 Nf5 1-0

[Event "20th Open"]
[Site "Cappelle la Grande FRA"]
[Date "2004.02.29"]
[Round "2"]
[White "Nordstrom,F"]
[Black "Philippe,C"]
[Result "0-1"]
[WhiteElo "2201"]
[BlackElo "2358"]
[EventDate "2004.02.28"]

1. e4 c5 2. Nf3 Nc6 3. d4 cxd4 4. Nxd4 Nf6 5. Nc3 e5 6. Ndb5 d6 7. Bg5 a6
8. Na3 b5 9. Bxf6 gxf6 10. Nd5 f5 11. c3 Bg7 12. exf5 Bxf5 13. Nc2 O-O 14.
Nce3 Be6 15. g3 f5 16. Bg2 f4 17. gxf4 exf4 18. Nxf4 Rxf4 19. Bxc6 Qh4 20.
O-O Be5 21. Ng2 Qh3 22. f3 Rh4 23. Bxa8 Bxh2+ 24. Kf2 Qg3+ 25. Ke2 Qxg2+
0-1

[Event "20th Open"]
[Site "Cappelle la Grande FRA"]
[Date "2004.02.29"]
[Round "2"]
[White "Meijers,V"]
[Black "Vysochin,S"]
[Result "1/2-1/2"]
[WhiteElo "2499"]
[BlackElo "2584"]
[EventDate "2004.02.28"]

1. e4 e6 2. d4 d5 3. exd5 exd5 4. Nf3 Nf6 5. c4 Be7 6. Nc3 O-O 7. Be2 dxc4
8. Bxc4 Nbd7 9. O-O Nb6 10. Bb3 c6 11. h3 Nbd5 12. Re1 Be6 13. Bg5 h6 14.
Bh4 Re8 15. Ne5 Nxc3 16. bxc3 Nd5 17. Bxe7 Qxe7 18. Qf3 Qg5 19. Kh2 Rad8
20. c4 Qf4+ 21. Qxf4 Nxf4 22. Re4 g5 23. Rae1 f6 24. g3 Bf5 25. R4e3 fxe5
26. gxf4 Rxd4 27. fxg5 hxg5 28. Rxe5 Rxe5 29. Rxe5 Rf4 30. Kg3 Kf7 31. Ra5
1/2-1/2

[Event "20th Open"]
[Site "Cappelle la Grande FRA"]
[Date "2004.02.29"]
[Round "2"]
[White "Sorokin,M"]
[Black "Belkhodja,S"]
[Result "1-0"]
[WhiteElo "2574"]
[BlackElo "2445"]
[EventDate "2004.02.28"]

1. d4 d6 2. g3 e5 3. dxe5 dxe5 4. Qxd8+ Kxd8 5. Nc3 c6 6. f4 Be6 7. fxe5
Nd7 8. Nf3 Bb4 9. Bg2 Ne7 10. O-O Ng6 11. Bf4 Bxc3 12. bxc3 Kc7 13. Rfd1
Rad8 14. a4 Nb6 15. Rxd8 Rxd8 16. a5 Nc4 17. Ra4 c5 18. Ng5 Ncxe5 19. Nxe6+
fxe6 20. Be3 Rd1+ 21. Kf2 Nd7 22. Be4 Ngf8 23. Rc4 b6 24. axb6+ axb6 25.
Bd3 Kd6 26. Rg4 g6 27. Rf4 Ke7 28. Ra4 Rb1 29. Bg5+ Kd6 30. Ra8 e5 31. Re8
Ne6 32. Be7+ Kd5 33. e4+ Kc6 34. Rc8+ Kb7 35. Rh8 b5 36. Rxh7 c4 37. Be2
Kc6 38. Rh6 Ndc5 39. Bxc5 Nxc5 40. Rxg6+ 1-0

[Event "20th Open"]
[Site "Cappelle la Grande FRA"]
[Date "2004.02.29"]
[Round "2"]
[White "Spraggett,K"]
[Black "Najer,E"]
[Result "1-0"]
[WhiteElo "2536"]
[BlackElo "2602"]
[EventDate "2004.02.28"]

1. e4 c5 2. Nf3 d6 3. d4 cxd4 4. Nxd4 Nf6 5. Nc3 a6 6. Bg5 e6 7. Qe2 Be7 8.
f4 b5 9. a3 h6 10. Bh4 Nxe4 11. Bxe7 Nxc3 12. Qf3 Qb6 13. Qxa8 Qxd4 14. Qf3
Kxe7 15. bxc3 Qc5 16. h4 Nd7 17. Rh3 Nf6 18. Qe3 Qxe3+ 19. Rxe3 Bb7 20. a4
Nd5 21. Rg3 bxa4 22. Rxa4 g6 23. c4 Nxf4 24. c5 Nd5 25. Rb3 Bc8 26. c4 Nc7
27. Rb6 dxc5 28. Ra5 Rd8 29. Rxc5 Ne8 30. Rb8 1-0

[Event "20th Open"]
[Site "Cappelle la Grande FRA"]
[Date "2004.02.29"]
[Round "2"]
[White "Murey,J"]
[Black "Perunovic,Mil"]
[Result "0-1"]
[WhiteElo "2475"]
[BlackElo "2550"]
[EventDate "2004.02.28"]

1. c4 c5 2. Nc3 Nf6 3. Nf3 Nc6 4. d4 cxd4 5. Nxd4 e6 6. Bf4 d6 7. Ndb5 e5
8. Bg5 a6 9. Bxf6 gxf6 10. Na3 f5 11. e3 Be6 12. Nc2 h5 13. h4 Bg7 14. a3
Rc8 15. Rb1 Na5 16. b3 b5 17. Nb4 O-O 18. Nbd5 bxc4 19. b4 Nb3 20. Be2 Nd4
21. Rc1 Nb5 22. Nb1 Nc7 23. Nb6 d5 24. Nxc8 Qxc8 25. O-O Qd8 26. g3 Nb5 27.
Qa4 Qb6 28. Rfd1 f4 29. Qa5 Qxa5 30. bxa5 fxe3 31. fxe3 Nd6 32. Nd2 Bh6 33.
Nf1 d4 34. exd4 exd4 35. Rxd4 Bxc1 36. Rxd6 Rc8 37. Rd1 Bh6 38. Kf2 c3 39.
Ne3 c2 40. Nxc2 Rxc2 41. Rd8+ Kg7 42. Ke1 Rc5 43. Ra8 Re5 44. Kf1 Rf5+ 45.
Ke1 Rxa5 0-1

[Event "20th Open"]
[Site "Cappelle la Grande FRA"]
[Date "2004.02.29"]
[Round "2"]
[White "Postny,E"]
[Black "Inarkiev,E"]
[Result "1-0"]
[WhiteElo "2537"]
[BlackElo "2606"]
[EventDate "2004.02.28"]

1. e4 g6 2. d4 Bg7 3. Nf3 d6 4. Nc3 a6 5. a4 b6 6. Bc4 e6 7. Bg5 Ne7 8. Qd2
h6 9. Be3 Nd7 10. O-O Bb7 11. d5 e5 12. Ne1 f5 13. exf5 Nxf5 14. Bd3 O-O
15. Bxf5 Rxf5 16. Bxh6 Qh4 17. Bxg7 Kxg7 18. f4 Nf6 19. g3 Qh3 20. Ng2 Rh8
21. Ne3 Rfh5 22. fxe5 dxe5 23. Rf2 Bc8 24. Raf1 Bf5 25. Qe2 a5 26. Qc4 Ne8
27. Nb5 Kh7 28. d6 Be6 29. Qc6 Bd7 30. Qb7 Nxd6 31. Nxd6 cxd6 32. g4 Rd8
33. gxh5 Qxe3 34. Qc7 Qg5+ 35. Rg2 Qh4 36. hxg6+ Kh6 37. g7 Be6 38. Qxd8
Qxd8 39. Rf8 Qh4 40. Rh8+ 1-0

[Event "20th Open"]
[Site "Cappelle la Grande FRA"]
[Date "2004.02.29"]
[Round "2"]
[White "Frolyanov,D"]
[Black "Gleizerov,E"]
[Result "1/2-1/2"]
[WhiteElo "2489"]
[BlackElo "2589"]
[EventDate "2004.02.28"]

1. e4 e6 2. d4 d5 3. Nc3 Nf6 4. e5 Nfd7 5. f4 c5 6. Nf3 Qb6 7. Be3 a6 8.
Na4 Qa5+ 9. c3 cxd4 10. b4 Qc7 11. Qxd4 b5 12. Nb2 f6 13. a4 fxe5 14. fxe5
Nc6 15. Qd2 bxa4 16. Nxa4 Ncxe5 17. Nxe5 Qxe5 18. Be2 Bd6 19. Bd4 Qf4 20.
Bh5+ Ke7 21. Qxf4 Bxf4 22. O-O e5 23. Rae1 Kd6 24. Bc5+ Kc6 25. c4 Nxc5 26.
bxc5 Rb8 27. cxd5+ Kxd5 28. Bf3+ Ke6 29. Bg4+ Kd5 30. Bxc8 Rhxc8 31. Nb6+
Rxb6 32. cxb6 Rb8 33. g3 Bh6 34. Rf5 Rxb6 35. Rfxe5+ Kc4 36. Re7 a5 37. g4
Bd2 38. Rd1 Rb2 39. Rxg7 a4 40. Rxh7 a3 41. Kf1 a2 42. Ra7 Bc3 43. h4 Rb1
44. Ke2 Rxd1 45. Kxd1 a1=Q+ 46. Rxa1 Bxa1 1/2-1/2

[Event "20th Open"]
[Site "Cappelle la Grande FRA"]
[Date "2004.02.29"]
[Round "2"]
[White "Fridman,D2"]
[Black "Meister,Y"]
[Result "1-0"]
[WhiteElo "2592"]
[BlackElo "2488"]
[EventDate "2004.02.28"]

1. c4 e6 2. d4 d5 3. Nf3 Nf6 4. e3 c5 5. a3 dxc4 6. Bxc4 a6 7. O-O b5 8.
Ba2 Bb7 9. Nc3 Bd6 10. Qe2 Qc7 11. h3 Nbd7 12. Rd1 cxd4 13. exd4 O-O 14.
Be3 Rad8 15. Rac1 Qb8 16. d5 e5 17. Ng5 Rc8 18. Qd3 g6 19. b4 Rfe8 20. Nce4
Nxe4 21. Nxe4 Rxc1 22. Rxc1 Bf8 23. Bc5 Qd8 24. Qb3 Bh6 25. Rd1 Ba8 26. Be3
Bxe3 27. Qxe3 Nf6 28. Nxf6+ Qxf6 29. d6 Rd8 30. Qa7 Kg7 31. Qc7 Rf8 32. Bd5
Bxd5 33. Rxd5 Rd8 34. Qb6 e4 35. Qxa6 Qa1+ 36. Kh2 Qc1 37. Qxb5 Qf4+ 38.
Kg1 e3 39. Qe2 Rxd6 40. fxe3 Qf6 41. Rxd6 Qxd6 42. Qb2+ f6 43. b5 Qb6 44.
Kf2 g5 45. a4 h5 46. a5 Qxa5 47. b6 Qf5+ 48. Kg1 Qe4 49. b7 Qxe3+ 50. Kh1
1-0

[Event "20th Open"]
[Site "Cappelle la Grande FRA"]
[Date "2004.02.29"]
[Round "2"]
[White "Sulskis,S"]
[Black "Dumitrache,D"]
[Result "1-0"]
[WhiteElo "2582"]
[BlackElo "2493"]
[EventDate "2004.02.28"]

1. e4 g6 2. h4 h5 3. d4 c6 4. c4 d6 5. d5 Bg7 6. Nc3 Bxc3+ 7. bxc3 Nf6 8.
f3 Qa5 9. Ne2 Nbd7 10. Bd2 Nb6 11. Nd4 c5 12. a4 Nbd7 13. Nb3 Qc7 14. Be2
Ne5 15. O-O Bd7 16. Bf4 O-O-O 17. Qc1 Kb8 18. Qe3 Rc8 19. Bg3 a5 20. Rfc1
Ka8 21. Nd4 b6 22. Bf1 Be8 23. Qe1 cxd4 24. cxd4 Ned7 25. Rab1 Qa7 26. c5
dxc5 27. Bb5 Nb8 28. dxc5 bxc5 29. Bxe8 Nxe8 30. Rb5 Nc7 31. Rxa5 Nca6 32.
Rb1 Rhe8 33. Qe2 c4+ 34. Bf2 Qc7 35. Rb6 Qe5 36. Qe1 Rc7 37. Raxa6+ Nxa6
38. Rxa6+ Kb8 39. Qa5 1-0

[Event "20th Open"]
[Site "Cappelle la Grande FRA"]
[Date "2004.02.29"]
[Round "2"]
[White "Berkovich,M"]
[Black "Timmermans,I"]
[Result "1-0"]
[WhiteElo "2397"]
[BlackElo "2237"]
[EventDate "2004.02.28"]

1. c4 e5 2. g3 Nf6 3. Bg2 c6 4. d4 exd4 5. Qxd4 d5 6. Nf3 Be7 7. cxd5 cxd5
8. O-O O-O 9. Nc3 Nc6 10. Qa4 Qb6 11. Qb5 d4 12. Qxb6 axb6 13. Nb5 Bc5 14.
Rd1 Rd8 15. Bg5 Ra5 16. a4 Bf5 17. Ne1 Raa8 18. Nc7 Rac8 19. Bxf6 gxf6 20.
Nd5 Kg7 21. Nd3 Ne7 22. Nxc5 Nxd5 23. Nxb7 Rd7 24. Bxd5 1-0

[Event "20th Open"]
[Site "Cappelle la Grande FRA"]
[Date "2004.02.29"]
[Round "2"]
[White "Ramirez,Al"]
[Black "Boehm,M"]
[Result "1-0"]
[WhiteElo "2499"]
[BlackElo "2278"]
[EventDate "2004.02.28"]

1. e4 e6 2. d4 d5 3. e5 c5 4. c3 Nc6 5. Nf3 Bd7 6. Be2 Nh6 7. Na3 cxd4 8.
cxd4 Bb4+ 9. Bd2 O-O 10. O-O f6 11. Bxh6 gxh6 12. Bb5 f5 13. Bxc6 bxc6 14.
Nc2 Be7 15. Qd2 f4 16. Nb4 Be8 17. Rfc1 Qb6 18. Nd3 Bh5 19. Nc5 Bxc5 20.
dxc5 Qc7 21. Nd4 f3 22. Qxh6 Qxe5 23. Nxc6 Qg7 24. Qxg7+ Kxg7 25. Re1 Kf6
26. g3 Rg8 27. Rac1 Rg5 28. h4 Rg4 29. Ne5 Rb4 30. Nd3 Rd4 31. Re3 1-0

[Event "20th Open"]
[Site "Cappelle la Grande FRA"]
[Date "2004.02.29"]
[Round "2"]
[White "Hebden,M"]
[Black "Kennaugh,C"]
[Result "1-0"]
[WhiteElo "2549"]
[BlackElo "2290"]
[EventDate "2004.02.28"]

1. d4 d5 2. c4 e6 3. Nf3 c6 4. e3 Nd7 5. Bd3 Ngf6 6. b3 Bb4+ 7. Bd2 Bd6 8.
Nc3 O-O 9. O-O e5 10. cxd5 cxd5 11. Nb5 Bb8 12. dxe5 Nxe5 13. Nxe5 Bxe5 14.
Bc3 Bxc3 15. Nxc3 Qe7 16. Qf3 Qe5 17. Rac1 Bg4 18. Qg3 Qxg3 19. hxg3 Rfd8
20. Nb5 a6 21. Nd4 Rac8 22. f3 Be6 23. g4 g6 24. Kf2 Nd7 25. g5 Ne5 26. Ke2
Bd7 27. Kd2 Nc6 28. Nxc6 Bxc6 29. Rc2 f6 30. gxf6 Kf7 31. Rfc1 Ra8 32. Kc3
Kxf6 33. Kd4 Rd6 34. g4 Re6 35. Rh2 Kg7 36. Rch1 Rh8 37. g5 Re7 38. Rh6
Ree8 39. f4 Bd7 40. Rc1 Rc8 41. Rxc8 Rxc8 42. Rh2 Be6 43. Rc2 Rxc2 44. Bxc2
Kf7 45. Bd1 Ke7 46. Ke5 Bf5 47. Kxd5 Bb1 48. a3 Kd7 49. Ke5 b5 50. b4 1-0

[Event "20th Open"]
[Site "Cappelle la Grande FRA"]
[Date "2004.02.29"]
[Round "2"]
[White "Wirig,A"]
[Black "Slobodjan,R"]
[Result "1/2-1/2"]
[WhiteElo "2418"]
[BlackElo "2516"]
[EventDate "2004.02.28"]

1. d4 Nf6 2. Nf3 e6 3. e3 b6 4. b3 Bb7 5. Bb2 c5 6. Nbd2 d5 7. Bd3 Nc6 8.
a3 Bd6 9. O-O O-O 10. dxc5 bxc5 11. e4 d4 12. Qe2 e5 13. Ba6 Bc8 14. Bxc8
Rxc8 15. Nc4 Ne8 16. Bc1 Bc7 17. a4 Qe7 18. Ba3 f6 19. Ne1 Na5 20. Nxa5
Bxa5 21. Qa6 Qc7 22. Nd3 Bb4 23. Bxb4 cxb4 24. Nxb4 Rb8 25. Qe6+ Qf7 26.
Qxf7+ Rxf7 27. Nd5 Nc7 28. c4 dxc3 29. Nxc3 Rxb3 30. Rfc1 Rd7 31. h4 Ne6
32. Nd5 Nd4 33. Rc7 Rxc7 34. Nxc7 Rb4 35. Nd5 Rb2 36. a5 Kf7 37. a6 Ke6 38.
Ne3 Rb6 39. Nd5 Rd6 40. Rb1 f5 41. Rb7 fxe4 42. Nc7+ Ke7 43. Nb5+ Ke6 44.
Nc7+ Ke7 45. Nb5+ 1/2-1/2

[Event "20th Open"]
[Site "Cappelle la Grande FRA"]
[Date "2004.02.29"]
[Round "2"]
[White "Tseitlin,Ma"]
[Black "Zontakh,A"]
[Result "1-0"]
[WhiteElo "2426"]
[BlackElo "2525"]
[EventDate "2004.02.28"]

1. e4 e6 2. d4 d5 3. Nd2 c5 4. Ngf3 cxd4 5. Nxd4 Nc6 6. Bb5 Bd7 7. Nxc6
Bxc6 8. Bxc6+ bxc6 9. c4 Qa5 10. Qb3 Rd8 11. O-O Nf6 12. e5 Nd7 13. Qg3 h6
14. Nb3 Qa4 15. cxd5 cxd5 16. Be3 g6 17. Nd4 Nc5 18. Rfc1 Qd7 19. Rc2 Ne4
20. Qg4 Bc5 21. Rac1 Bxd4 22. Bxd4 Qa4 23. Be3 h5 24. Qh4 O-O 25. Bh6 Qd4
26. Bxf8 Rxf8 27. Qf4 Kg7 28. h4 a5 29. Kh2 1-0

[Event "20th Open"]
[Site "Cappelle la Grande FRA"]
[Date "2004.02.29"]
[Round "2"]
[White "Totsky,L"]
[Black "Anka,E"]
[Result "1-0"]
[WhiteElo "2517"]
[BlackElo "2411"]
[EventDate "2004.02.28"]

1. e4 c5 2. Nf3 e6 3. d3 d5 4. Qe2 Nf6 5. g3 Nc6 6. Bg2 Be7 7. O-O b5 8. a4
b4 9. e5 Nd7 10. c4 bxc3 11. bxc3 Na5 12. Nfd2 Rb8 13. c4 d4 14. f4 O-O 15.
Ne4 Nb3 16. Ra2 Nxc1 17. Rxc1 Rb4 18. Na3 Rxa4 19. Nb5 Rxa2 20. Qxa2 a6 21.
Nbd6 f6 22. exf6 gxf6 23. Rb1 f5 24. Nxc8 Qxc8 25. Nd2 Nb8 26. Rb6 Kh8 27.
Nb3 e5 28. Qe2 Nd7 29. Re6 Bf6 30. fxe5 Bg7 31. Rc6 Qb8 32. e6 Ne5 33. e7
Re8 34. Re6 Qc7 35. Bh3 Rxe7 36. Rxe7 Qxe7 37. Bxf5 Qb7 38. Qh5 Bf6 39. Be4
Qe7 40. Nxc5 a5 41. Qf5 Ng6 42. Qd5 a4 43. Kg2 a3 44. Qa8+ Qf8 45. Qxf8+
Nxf8 46. Bf5 a2 47. Nb3 Kg7 48. Kf3 Be7 49. Ke4 Kf6 50. g4 Ba3 51. Kd5 Ke7
52. h4 h6 53. c5 Bb2 54. Kc6 a1=Q 55. Nxa1 Bxa1 56. Kb6 Bc3 57. c6 Kd6 58.
c7 Ba5+ 59. Kxa5 Kxc7 60. g5 hxg5 61. hxg5 1-0

[Event "20th Open"]
[Site "Cappelle la Grande FRA"]
[Date "2004.02.29"]
[Round "2"]
[White "Vorobiov,E"]
[Black "Gurevich,Vl"]
[Result "1/2-1/2"]
[WhiteElo "2544"]
[BlackElo "2434"]
[EventDate "2004.02.28"]

1. e4 c5 2. Nf3 d6 3. d4 cxd4 4. Nxd4 Nf6 5. Nc3 a6 6. Bg5 e6 7. f4 Nbd7 8.
Qf3 Qc7 9. O-O-O b5 10. Bd3 Bb7 11. Rhe1 Be7 12. Qg3 b4 13. Nd5 exd5 14.
exd5 Kd8 15. Qe3 Nb6 16. Nf5 Nbxd5 17. Qd4 Bf8 18. Be4 Kc8 19. Bxf6 Nxf6
20. Bxb7+ Kxb7 21. Qxb4+ Qb6 22. Qd2 Rc8 23. Re3 Rc5 1/2-1/2

[Event "20th Open"]
[Site "Cappelle la Grande FRA"]
[Date "2004.02.29"]
[Round "2"]
[White "Yagupov,I"]
[Black "Bagheri,A"]
[Result "1-0"]
[WhiteElo "2439"]
[BlackElo "2534"]
[EventDate "2004.02.28"]

1. e4 c6 2. d4 d5 3. e5 Bf5 4. Be3 e6 5. Nd2 Nd7 6. f4 f6 7. Ngf3 fxe5 8.
fxe5 Nh6 9. c4 Be7 10. Bxh6 gxh6 11. Qb3 Qb6 12. c5 Qxb3 13. axb3 O-O 14.
b4 a6 15. Be2 Rac8 16. O-O Rf7 17. Nb3 Nf8 18. Na5 Rc7 19. Ra3 Ng6 20. g3
Rg7 21. Kf2 Bd8 22. Ke1 Rcf7 23. Nd2 Bg5 24. Raf3 h5 25. h4 Bd8 26. Ndb3
Nh8 27. Kd2 Kf8 28. Bd1 Ke8 29. R1f2 Bxa5 30. Nxa5 Kd8 31. Re3 Bg4 32. Rf6
Re7 33. Bxg4 hxg4 34. Re2 Kc7 35. Ref2 Nf7 36. Nb3 h5 37. Nc1 Nh8 38. Rh6
Ng6 39. Rxh5 Ref7 40. Rxf7+ Rxf7 41. Rg5 Ne7 42. Ke2 Nf5 43. Rxg4 1-0

[Event "20th Open"]
[Site "Cappelle la Grande FRA"]
[Date "2004.02.29"]
[Round "2"]
[White "Tunik,G"]
[Black "Gentilleau,JP"]
[Result "1-0"]
[WhiteElo "2491"]
[BlackElo "2267"]
[EventDate "2004.02.28"]

1. d4 e6 2. c4 d5 3. Nf3 Be7 4. Nc3 Nf6 5. Bg5 h6 6. Bh4 O-O 7. e3 Nbd7 8.
Rc1 c6 9. Bd3 b6 10. cxd5 exd5 11. O-O Bb7 12. Bb1 Ne4 13. Bg3 f5 14. Ne5
Nxe5 15. Bxe5 Bd6 16. f4 Bxe5 17. fxe5 Qg5 18. Rf3 Qe7 19. Ne2 g5 20. Ng3
Qe6 21. Qe2 Nxg3 22. hxg3 Rf7 23. g4 fxg4 24. Rxf7 Qxf7 25. Rf1 Qd7 26. Rf6
Rf8 1-0

[Event "20th Open"]
[Site "Cappelle la Grande FRA"]
[Date "2004.03.01"]
[Round "3"]
[White "Ramirez,J"]
[Black "Garrigues,G"]
[Result "0-1"]
[WhiteElo "2230"]
[BlackElo "2105"]
[EventDate "2004.02.28"]

1. d4 Nf6 2. c4 e6 3. Bg5 h6 4. Bxf6 Qxf6 5. Nf3 Bb4+ 6. Nc3 O-O 7. Ne5 c5
8. e3 d6 9. Nd3 cxd4 10. exd4 Ba5 11. Qa4 Nc6 12. b4 Qxd4 13. Rc1 Bc7 14.
Be2 Bb8 15. O-O Bd7 16. Nb5 Qh4 17. g3 Qf6 18. Rfd1 Nd4 19. Bf1 Bc6 20. Bg2
Ne2+ 0-1

[Event "20th Open"]
[Site "Cappelle la Grande FRA"]
[Date "2004.03.01"]
[Round "3"]
[White "Grachev,B"]
[Black "Lefebvre,H"]
[Result "1-0"]
[WhiteElo "2506"]
[BlackElo "2227"]
[EventDate "2004.02.28"]

1. d4 Nf6 2. c4 g6 3. Nf3 Bg7 4. g3 O-O 5. Bg2 d6 6. Nc3 Nc6 7. O-O a6 8.
b3 Rb8 9. Nd5 Nd7 10. Bb2 e5 11. dxe5 Ndxe5 12. Nxe5 dxe5 13. Qd2 Nd4 14.
e3 Nf5 15. Rfd1 c6 16. Nc3 Be6 17. Ne4 Qe7 18. Qa5 b5 19. Ba3 b4 20. Bb2
Bc8 21. a3 Re8 22. Nc5 bxa3 23. Bxa3 Qf6 24. Qc7 Be6 1-0

[Event "20th Open"]
[Site "Cappelle la Grande FRA"]
[Date "2004.03.01"]
[Round "3"]
[White "Degraeve,JM"]
[Black "Shirazi,K"]
[Result "1-0"]
[WhiteElo "2566"]
[BlackElo "2423"]
[EventDate "2004.02.28"]

1. e4 e5 2. Nf3 Nf6 3. Nxe5 d6 4. Nf3 Nxe4 5. d4 Bg4 6. Bd3 Nf6 7. O-O Be7
8. Re1 O-O 9. Nbd2 c5 10. h3 Bh5 11. Nf1 Nc6 12. Ng3 Bxf3 13. Qxf3 Nxd4 14.
Qxb7 c4 15. c3 cxd3 16. cxd4 Qa5 17. Rxe7 d2 18. Bxd2 Qxd2 19. Rxf7 Rxf7
20. Qxa8+ Rf8 21. Qb7 d5 22. Qxa7 Qxb2 23. Rf1 h5 24. a4 Qc2 25. Qb7 Rf7
26. Qb5 h4 27. Ne2 Re7 28. Nf4 Qc4 29. Nd3 Qxd4 30. a5 Re2 31. a6 Kh7 32.
Nc5 Rb2 33. Qa5 Nh5 34. Ne6 Qa7 35. Qxd5 Ng3 36. Qd3+ Kh6 37. Nf8 Kg5 38.
Qg6+ Kf4 39. Qg4+ Ke5 40. Re1+ Kd5 41. Qe6+ 1-0

[Event "20th Open"]
[Site "Cappelle la Grande FRA"]
[Date "2004.03.01"]
[Round "3"]
[White "Minasian,Ara"]
[Black "Koch,W"]
[Result "1-0"]
[WhiteElo "2499"]
[BlackElo "2319"]
[EventDate "2004.02.28"]

1. e4 d6 2. d4 Nf6 3. Nc3 g6 4. Nf3 Bg7 5. Be2 O-O 6. O-O Bg4 7. h3 Bxf3 8.
Bxf3 Nc6 9. Ne2 e5 10. c3 a5 11. Be3 Nd7 12. Qb3 b6 13. Rad1 a4 14. Qc4 Ne7
15. Bg4 exd4 16. cxd4 Nf6 17. d5 h5 18. Bf3 Nd7 19. Nd4 Ne5 20. Qc2 Nxf3+
21. Nxf3 Qd7 22. Bd4 Bxd4 23. Nxd4 Ra5 24. f4 f5 25. Ne6 Rf7 26. Rfe1 fxe4
27. Qxe4 Rf5 28. Nd4 Rfxd5 29. Nc6 Nxc6 30. Rxd5 Rxd5 31. Qxd5+ Kf8 32. Rc1
Nd8 33. Qd4 Ne6 34. Qh8+ Kf7 35. f5 gxf5 36. Qxh5+ Kf6 37. g4 Ng7 38. g5+
Ke5 39. Qe2+ 1-0

[Event "20th Open"]
[Site "Cappelle la Grande FRA"]
[Date "2004.03.01"]
[Round "3"]
[White "Abergel,T"]
[Black "Monsieux,C"]
[Result "1/2-1/2"]
[WhiteElo "2441"]
[BlackElo "2156"]
[EventDate "2004.02.28"]

1. d4 Nf6 2. Nf3 c5 3. e3 e6 4. Bd3 Nc6 5. O-O d5 6. b3 cxd4 7. exd4 Bd6 8.
Nbd2 O-O 9. Bb2 Qc7 10. c4 Rd8 11. Rc1 dxc4 12. bxc4 Qa5 13. d5 exd5 14.
Nb3 Qa4 15. Bxf6 gxf6 16. cxd5 Ne7 17. Nfd4 Ng6 18. Bb5 Qa3 19. Nc2 Qb2 20.
Re1 Bf4 21. Ne3 Qe5 22. g3 Qg5 23. Qd4 Bxe3 24. Qxe3 Qxd5 25. Bc4 Qd6 26.
Nc5 Kg7 27. Bb3 Qb6 28. h4 Bg4 29. f3 Re8 30. Ne4 Bxf3 31. Qxb6 axb6 32.
Nd6 1/2-1/2

[Event "20th Open"]
[Site "Cappelle la Grande FRA"]
[Date "2004.03.01"]
[Round "3"]
[White "Rigolot,M"]
[Black "Yagupov,I"]
[Result "0-1"]
[WhiteElo "2063"]
[BlackElo "2439"]
[EventDate "2004.02.28"]

1. d4 f5 2. Nf3 Nf6 3. g3 g6 4. Bg2 Bg7 5. O-O O-O 6. c4 d6 7. Nc3 c6 8.
Qc2 Qc7 9. Rd1 e5 10. dxe5 dxe5 11. c5 Na6 12. b4 Nxb4 13. Qb3+ Nbd5 14.
Ng5 Kh8 15. Nxd5 cxd5 16. Bxd5 Nxd5 17. Qxd5 Qe7 18. Rb1 h6 19. Nf3 g5 20.
c6 b6 21. Qd6 Qxd6 22. Rxd6 Ba6 23. Bb2 Rae8 24. e3 Be2 25. Kg2 Rf7 26. Ng1
Ba6 27. Rc1 Kh7 28. Nf3 Bc8 29. Rcd1 g4 30. Ne1 Rc7 31. Nc2 a5 32. Kg1 Bf8
33. Rd8 Rxd8 34. Rxd8 Rxc6 0-1